[Event "World Youth Girl U14 2016"]
[Site "Khanty-Mansiysk RUS"]
[Date "2016.09.22"]
[Round "1.26"]
[White "Smbatyan, Qristine"]
[Black "Sibajeva, Marija"]
[Result "1/2-1/2"]
[BlackTitle "WCM"]
[WhiteElo "1506"]
[BlackElo "1913"]
[WhiteFideId "13308319"]
[BlackFideId "12807583"]
[EventDate "2016.09.22"]

1. e4 e5 2. Nf3 Nc6 3. Bb5 a6 4. Ba4 Nf6 5. O-O Nxe4 6. d4 b5 7. Bb3 d5 8. dxe5
Be6 9. c3 Be7 10. Nbd2 Nc5 11. Bc2 d4 12. cxd4 Nxd4 13. Nxd4 Qxd4 14. Nf3 Qxd1
15. Rxd1 O-O 16. Ng5 h6 17. Nxe6 Nxe6 18. Be3 Rad8 19. f4 Bc5 20. Bxc5 Nxc5 21.
Rac1 Ne6 22. f5 Nd4 23. Bd3 c6 24. Kf2 Rfe8 25. Rc5 Nxf5 26. Rxc6 Rxe5 27. g4
Red5 28. gxf5 Rxd3 29. Rxd3 Rxd3 30. Rxa6 Rd2+ 31. Kg3 Rxb2 32. h4 b4 33. Ra8+
Kh7 34. Ra7 f6 35. h5 b3 36. axb3 Rxb3+ 37. Kg4 Rb4+ 38. Kg3 Rb1 39. Ra3 Rg1+
40. Kh4 Re1 41. Ra8 Rg1 42. Rb8 Rg5 43. Rb5 Kg8 44. Ra5 Kf7 45. Rb5 Ke7 46. Rd5
Rg1 47. Rd4 Rf1 48. Kg4 Re1 49. Kh4 Rg1 50. Rd3 Rg2 51. Rd4 Rg1 52. Rd3 Rc1 53.
Rd4 Rc6 54. Rg4 Kf7 55. Rd4 Rc7 56. Re4 Re7 57. Rd4 Ke8 58. Kg4 Rd7 59. Re4+ Kd8
60. Ra4 Rd1 61. Ra5 Rg1+ 62. Kh4 Kc7 63. Rb5 Kc6 64. Ra5 Rd1 65. Ra7 Kc5 66. Kh3
Rh1+ 67. Kg4 Rg1+ 68. Kf4 Rg5 69. Rd7 Kc6 70. Ra7 Kd6 71. Rb7 Kc5 72. Rd7 Kc4
73. Ke4 Kc3 74. Ke3 Rxf5 75. Rc7+ Kb4 76. Rxg7 Rxh5 77. Rg6 Rf5 78. Rxh6 Kc5 79.
Ke4 Rf1 80. Rh5+ Kd6 81. Ra5 Ke6 82. Ra6+ Kf7 83. Ra5 Kg6 84. Ke3 f5 85. Ra4 Kg5
86. Ke2 Rb1 87. Ra3 Kg4 88. Kf2 f4 89. Rc3 Rb2+ 90. Kf1 Rh2 91. Kg1 Rb2 92. Kf1
Rd2 93. Ra3 Rb2 94. Rc3 Rb1+ 95. Kf2 Ra1 96. Rb3 Ra4 97. Kf1 Ra1+ 98. Kf2 Ra5
99. Rc3 Ra2+ 100. Kf1 Kf5 101. Rb3 Rd2 102. Ra3 Ke4 103. Ra4+ Kf3 104. Ra3+ Kg4
105. Rb3 Rd1+ 106. Kf2 Rh1 107. Kg2 Rh5 108. Ra3 Rg5 109. Kf2 Re5 110. Rb3 Re7 1/2-1/2

[Event "World Youth Girl U14 2016"]
[Site "Khanty-Mansiysk RUS"]
[Date "2016.09.22"]
[Round "1.27"]
[White "Filippova, Darya"]
[Black "Makarova, Anastasiya"]
[Result "0-1"]
[WhiteTitle "WFM"]
[WhiteElo "1888"]
[BlackElo "1471"]
[WhiteFideId "24173738"]
[BlackFideId "54102731"]
[EventDate "2016.09.22"]

1. d4 f5 2. g3 Nf6 3. Bg2 e6 4. Nf3 Be7 5. c4 O-O 6. O-O d6 7. Qb3 h6 8. Nc3
Nbd7 9. a4 a5 10. Re1 Rb8 11. e4 fxe4 12. Nxe4 Nxe4 13. Rxe4 Nf6 14. Re2 b6 15.
Bd2 Bd7 16. Qd3 Qe8 17. Rae1 Qf7 18. Bh3 e5 19. Bxd7 Nxd7 20. Bf4 g5 21. dxe5
Nc5 22. Qd4 gxf4 23. Nh4 Bxh4 24. gxh4 f3 25. Re4 Nxe4 26. Rxe4 Kh7 27. Rg4 Qf5
28. h3 Qxe5 29. Qd3+ Qf5 30. Re4 Qg6+ 31. Kf1 Rbe8 32. c5 Rxe4 33. cxd6 Qg2# 0-1

[Event "World Youth Girl U14 2016"]
[Site "Khanty-Mansiysk RUS"]
[Date "2016.09.22"]
[Round "1.28"]
[White "Ebeling, Mariela"]
[Black "Ulziikhishigjargal, Ochirkhuyag"]
[Result "0-1"]
[WhiteElo "1459"]
[BlackElo "1888"]
[WhiteFideId "508080"]
[BlackFideId "4903188"]
[EventDate "2016.09.22"]

1. e4 e5 2. Nf3 Nc6 3. Bb5 Nf6 4. O-O Nxe4 5. d4 Nd6 6. Bxc6 dxc6 7. dxe5 Nf5 8.
Qxd8+ Kxd8 9. Rd1+ Ke8 10. Nc3 h6 11. h3 Be7 12. Bf4 Be6 13. a3 Rd8 14. Rxd8+
Kxd8 15. Rd1+ Kc8 16. Kf1 g5 17. Bh2 h5 18. Nd4 Nxd4 19. Rxd4 g4 20. hxg4 hxg4
21. Kg1 c5 22. Rd1 Bf5 23. Rd2 Bg5 24. Re2 Bc1 25. Na4 Rd8 26. Bg3 b6 27. Kh2
Rd4 28. Re1 Bd2 29. Re2 Bd7 30. Nc3 Bxc3 31. bxc3 Ra4 32. Bh4 Rxa3 33. Re3 a5
34. Bg5 Ra1 35. c4 Be6 36. Kg3 a4 37. Rc3 a3 38. Kf4 a2 39. Ra3 Bxc4 40. Kxg4
Rd1 41. Kf3 a1=Q 42. Rxa1 Rxa1 43. Bf6 Be6 44. Ke3 b5 45. f4 Rg1 46. Kf2 Rc1 47.
Kf3 Rxc2 0-1

[Event "World Youth Girl U14 2016"]
[Site "Khanty-Mansiysk RUS"]
[Date "2016.09.22"]
[Round "1.29"]
[White "Aciu, Malina-Andreea"]
[Black "Kvamme, Ingrid Jodre"]
[Result "1-0"]
[WhiteElo "1876"]
[BlackElo "1450"]
[WhiteFideId "1240323"]
[BlackFideId "1516981"]
[EventDate "2016.09.22"]

1. e4 c5 2. Nf3 Nc6 3. d4 cxd4 4. Nxd4 g6 5. Nc3 Bg7 6. Be3 Nf6 7. Bc4 Qa5 8.
O-O O-O 9. Bb3 d6 10. h3 Bd7 11. f4 Rac8 12. a3 Nxd4 13. Bxd4 Bc6 14. Qd3 a6 15.
Rad1 b5 16. Qe3 Qc7 17. e5 dxe5 18. fxe5 Ne8 19. Rxf7 Rxf7 20. Rf1 Nf6 21. exf6
exf6 22. Bxf6 Bxf6 23. Rxf6 Rf8 24. Qc5 Kg7 25. Bxf7 Kxf6 26. Nd5+ 1-0

[Event "World Youth Girl U14 2016"]
[Site "Khanty-Mansiysk RUS"]
[Date "2016.09.22"]
[Round "1.30"]
[White "Idirisinghe, I M N H"]
[Black "Bechvaia, Maia"]
[Result "1-0"]
[WhiteElo "1436"]
[BlackElo "1848"]
[WhiteFideId "9915478"]
[BlackFideId "13613294"]
[EventDate "2016.09.22"]

1. e4 c5 2. Nf3 Nc6 3. Bb5 g6 4. O-O Bg7 5. c3 Nf6 6. Re1 O-O 7. d4 cxd4 8. cxd4
d6 9. Bxc6 bxc6 10. Nc3 Rb8 11. Rb1 Ba6 12. Bf4 Qa5 13. e5 Nd5 14. Nxd5 Qxd5 15.
b3 Rbc8 16. Qd2 Rfd8 17. exd6 exd6 18. Re7 Re8 19. Rbe1 Rxe7 20. Rxe7 Qb5 21.
Qe1 c5 22. a4 Qc6 23. dxc5 Qxc5 24. Ng5 Bf6 25. Ne4 Qf5 26. Nxf6+ Kg7 27. Bxd6
Kxf6 28. Qa1+ 1-0

[Event "World Youth Girl U14 2016"]
[Site "Khanty-Mansiysk RUS"]
[Date "2016.09.22"]
[Round "1.31"]
[White "Grischenko, Kamila"]
[Black "Bitkova, Elizavetta"]
[Result "1-0"]
[WhiteElo "1839"]
[BlackElo "1415"]
[WhiteFideId "14147491"]
[BlackFideId "4506014"]
[EventDate "2016.09.22"]

1. d4 Nf6 2. Bf4 d6 3. Nf3 g6 4. e3 Bg7 5. Bd3 O-O 6. c3 Re8 7. O-O Nbd7 8. Bc4
Nb6 9. Bb3 Nbd5 10. Bg3 c6 11. Nbd2 Nc7 12. e4 Nh5 13. Ng5 e6 14. f4 Nxg3 15.
hxg3 h6 16. Nh3 d5 17. e5 b6 18. Bc2 c5 19. g4 cxd4 20. cxd4 Nb5 21. Nf3 Qd7 22.
f5 gxf5 23. gxf5 exf5 24. Nh4 Qc6 25. Bxf5 Bxf5 26. Nxf5 Qg6 27. Rf4 h5 28. Qd3
Nc7 29. Rf3 Kh8 30. Rg3 Qc6 31. Nxg7 Rg8 32. Nxh5 Qh6 33. N3f4 Rxg3 34. Qxg3 Rg8
35. Qh3 Ne6 36. Nxe6 fxe6 37. Nf4 Qxh3 38. Nxh3 Rg4 39. Rd1 Kg7 40. Kf2 1-0

[Event "World Youth Girl U14 2016"]
[Site "Khanty-Mansiysk RUS"]
[Date "2016.09.22"]
[Round "1.32"]
[White "Khannanova, Lina"]
[Black "Voskresenskaya, Marta"]
[Result "0-1"]
[WhiteElo "1397"]
[BlackElo "1835"]
[WhiteFideId "44131623"]
[BlackFideId "34127795"]
[EventDate "2016.09.22"]

1. d4 d5 2. e3 Nf6 3. f4 Bf5 4. Nf3 g6 5. Bd3 Bxd3 6. Qxd3 c6 7. O-O Bg7 8. Nbd2
O-O 9. Ne5 Nbd7 10. Kh1 a6 11. Rg1 c5 12. c3 Rc8 13. g4 cxd4 14. cxd4 Qc7 15. g5
Ne8 16. Ndf3 Nd6 17. h4 Ne4 18. Ng4 Nb6 19. Nd2 Qc2 20. Qxc2 Rxc2 21. Nxe4 dxe4
22. Rg2 Rfc8 23. Rxc2 Rxc2 24. Kg1 f5 25. Nf2 Bf8 26. b3 Nd5 27. Nd1 e6 28. a3
Re2 29. Kf1 Rh2 30. Nf2 Rxh4 31. Kg2 h6 32. Nh3 Be7 33. gxh6 Rxh6 34. Bd2 Kf7
35. b4 Ke8 36. Rb1 b5 37. Rc1 Kd7 38. Rg1 Nb6 39. Rd1 Nc4 40. Bc1 Kd6 41. Rg1
Kd5 42. Nf2 g5 43. Nh3 g4 44. Nf2 Rh8 45. Re1 Nd6 46. Nd1 Rc8 47. Nb2 Bh4 48.
Rd1 Rc2+ 49. Kf1 g3 50. Kg1 Nf7 51. a4 Nd6 52. Kf1 g2+ 53. Kg1 Bf2+ 54. Kxg2
Bxe3+ 55. Kf1 Bxc1 56. axb5 axb5 0-1

[Event "World Youth Girl U14 2016"]
[Site "Khanty-Mansiysk RUS"]
[Date "2016.09.22"]
[Round "1.33"]
[White "Makhija, Aashna"]
[Black "Mairambekova, Aiperi"]
[Result "1-0"]
[WhiteElo "1830"]
[BlackElo "1329"]
[WhiteFideId "25011944"]
[BlackFideId "13801511"]
[EventDate "2016.09.22"]

1. e4 e5 2. Nf3 Nc6 3. Bc4 Bc5 4. O-O Nf6 5. d3 d6 6. c3 Be6 7. Bxe6 fxe6 8. d4
exd4 9. cxd4 Bb6 10. Nc3 O-O 11. Bg5 h6 12. Be3 d5 13. e5 Nh7 14. Ne2 Ne7 15.
Nf4 Qd7 16. Nh4 Rf7 17. Qg4 Ng5 18. Nh5 Nf5 19. Bxg5 hxg5 20. Nf3 Re7 21. Nxg5
Bxd4 22. Nf3 Bb6 23. Nf6+ Kf8 24. Nxd7+ Rxd7 25. Qg6 Re7 26. Ng5 1-0

[Event "World Youth Girl U14 2016"]
[Site "Khanty-Mansiysk RUS"]
[Date "2016.09.23"]
[Round "2.1"]
[White "Vinokur, Yuliya"]
[Black "Solozhenkina, Elizaveta"]
[Result "0-1"]
[BlackTitle "WFM"]
[WhiteElo "1956"]
[BlackElo "2320"]
[WhiteFideId "34127515"]
[BlackFideId "34106615"]
[EventDate "2016.09.22"]

1. d4 Nf6 2. Nf3 g6 3. Bf4 Bg7 4. e3 O-O 5. h3 d6 6. Be2 Nbd7 7. O-O b6 8. c4
Bb7 9. Nc3 Ne4 10. Qc2 Nxc3 11. bxc3 e5 12. Bh2 Qe7 13. Rab1 f5 14. Qb3 Kh8 15.
Rfd1 g5 16. Ne1 c5 17. d5 e4 18. a4 f4 19. Nc2 Qf6 20. Bg4 Ne5 21. Rf1 Nxg4 22.
hxg4 Qxc3 23. Qxc3 Bxc3 24. Rb3 Ba5 25. Na3 a6 26. f3 Rae8 27. fxe4 Rxe4 28.
exf4 gxf4 29. Rbf3 Bd2 30. Nb1 Be3+ 31. Kh1 Kg7 32. Na3 Bc8 33. Rb1 Bxg4 34.
Rff1 Be2 35. Rfe1 Bd2 36. Rg1 Bb4 37. Nc2 Ba5 38. Rb3 Rxc4 39. Ne1 Rxa4 40. Rh3
Rd4 41. Nf3 Rxd5 0-1

[Event "World Youth Girl U14 2016"]
[Site "Khanty-Mansiysk RUS"]
[Date "2016.09.23"]
[Round "2.2"]
[White "Maltsevskaya, Aleksandra"]
[Black "Urh, Zala"]
[Result "1-0"]
[BlackTitle "WFM"]
[WhiteElo "2319"]
[BlackElo "1939"]
[WhiteFideId "24174041"]
[BlackFideId "14611481"]
[EventDate "2016.09.22"]

1. e4 e5 2. Nf3 Nc6 3. Bb5 a6 4. Ba4 Nf6 5. O-O Nxe4 6. d4 b5 7. Bb3 d5 8. dxe5
Be6 9. c3 Be7 10. Nbd2 O-O 11. Bc2 f5 12. Nb3 Qd7 13. a4 b4 14. Qe1 Rab8 15.
Nfd4 bxc3 16. bxc3 Nc5 17. Nxc6 Qxc6 18. Nd4 Qd7 19. Ba3 f4 20. f3 Nb7 21. Bxe7
Qxe7 22. Qe2 Ra8 23. Rad1 g6 24. Kh1 c5 25. Nxe6 Qxe6 26. c4 d4 27. Be4 Qe7 28.
Rb1 Ra7 29. Bd5+ Kg7 30. Rb6 Nd8 31. e6 Rf5 32. Qe4 Qf6 33. Re1 Qe7 34. Rb8 Kf6
35. g4 fxg3 36. Qh4+ Kg7 37. Qxe7+ Rxe7 38. Rxd8 Rh5 39. h3 Rxh3+ 40. Kg2 Rh2+
41. Kxg3 Ra2 42. Rd7 Kf6 43. Rxe7 Kxe7 44. Rb1 1-0

[Event "World Youth Girl U14 2016"]
[Site "Khanty-Mansiysk RUS"]
[Date "2016.09.23"]
[Round "2.3"]
[White "Palma, Maria"]
[Black "Antova, Gabriela"]
[Result "1/2-1/2"]
[BlackTitle "FM"]
[WhiteElo "1925"]
[BlackElo "2253"]
[WhiteFideId "898481"]
[BlackFideId "2915235"]
[EventDate "2016.09.22"]

1. Nf3 d5 2. c4 e6 3. g3 Nf6 4. Bg2 Be7 5. O-O O-O 6. d4 dxc4 7. Ne5 Nc6 8. Nxc6
bxc6 9. Qa4 Qxd4 10. Rd1 Qb6 11. Nd2 Ng4 12. e3 Ne5 13. Nxc4 Nxc4 14. Qxc4 Ba6
15. Qc2 Rad8 16. Bd2 Bd3 17. Qc1 c5 18. b3 Qa6 19. Bf1 Bxf1 20. Rxf1 Rd3 21. Bc3
Rfd8 22. Qc2 Qd6 23. Bd4 Qa6 24. Bxc5 Bf6 25. Rad1 Rxd1 26. Rxd1 Rxd1+ 27. Qxd1
Qxa2 28. Qd7 h6 29. Qxc7 a5 30. Bb6 Qxb3 31. Bxa5 Qd1+ 32. Kg2 Qd5+ 33. Kg1 h5
34. Bc3 Bxc3 35. Qxc3 Qf3 36. Qd4 Kh7 37. Qf4 Qd1+ 38. Kg2 Qd5+ 1/2-1/2

[Event "World Youth Girl U14 2016"]
[Site "Khanty-Mansiysk RUS"]
[Date "2016.09.23"]
[Round "2.4"]
[White "Badelka, Olga"]
[Black "Grigorieva, Yulia"]
[Result "0-1"]
[WhiteElo "2222"]
[BlackElo "1923"]
[WhiteFideId "13509926"]
[BlackFideId "34104868"]
[EventDate "2016.09.22"]

1. c4 c5 2. g3 Nc6 3. Bg2 g6 4. Nc3 Bg7 5. e4 e6 6. Nge2 Nge7 7. O-O O-O 8. d3
d6 9. Be3 b6 10. d4 Bb7 11. f4 Na5 12. Qd3 Ba6 13. b3 d5 14. exd5 exd5 15. f5
dxc4 16. Qd2 Nxf5 17. Rxf5 gxf5 18. Bh6 Qf6 19. Bxg7 Qxg7 20. Bxa8 Rxa8 21. Nd5
Re8 22. Nef4 Re4 23. Nh5 Qxd4+ 24. Qxd4 cxd4 25. bxc4 Bxc4 26. Ndf6+ Kf8 27. Kf2
Nc6 28. Nxe4 fxe4 29. Nf6 e3+ 30. Kf3 e2 31. Nxh7+ Kg7 32. Ng5 f6 33. Ne4 Ne5+
34. Kf2 Nd3+ 35. Kxe2 Nc5+ 36. Kf3 Bd5 37. Kf4 Bxe4 38. a4 Bc2 39. a5 d3 40.
axb6 axb6 41. Ke3 Nb3 0-1

[Event "World Youth Girl U14 2016"]
[Site "Khanty-Mansiysk RUS"]
[Date "2016.09.23"]
[Round "2.5"]
[White "Ulziikhishigjargal, Ochirkhuyag"]
[Black "Goltseva, Ekaterina"]
[Result "1/2-1/2"]
[BlackTitle "WFM"]
[WhiteElo "1888"]
[BlackElo "2212"]
[WhiteFideId "4903188"]
[BlackFideId "24173770"]
[EventDate "2016.09.22"]

1. e4 c5 2. Nf3 e6 3. c4 Nc6 4. Nc3 e5 5. g3 g6 6. d3 Bg7 7. Bg2 Nge7 8. O-O O-O
9. Ne1 d6 10. Nc2 Be6 11. Rb1 Qd7 12. b4 b6 13. Nd5 Rac8 14. b5 Nd8 15. Nce3
Nxd5 16. Nxd5 Bxd5 17. exd5 f5 18. f4 Nf7 19. Kh1 Rce8 20. Re1 exf4 21. Bxf4
Rxe1+ 22. Qxe1 Re8 23. Qf1 Re7 24. Re1 Qe8 25. Rxe7 Qxe7 26. Bf3 Bf6 27. Qe2
Qxe2 28. Bxe2 Bg5 29. Kg2 Bxf4 30. gxf4 Kg7 31. Kf2 Kf6 32. h3 g5 33. Bh5 Nh6
34. Kf3 Ng8 35. Kg3 h6 36. a3 Kg7 37. Be2 Nf6 38. a4 Nd7 39. h4 Kg6 40. h5+ Kg7
41. Bd1 Nf6 42. Be2 Ne8 43. Bd1 Kf6 44. Be2 Ng7 45. Bd1 Ne8 1/2-1/2

[Event "World Youth Girl U14 2016"]
[Site "Khanty-Mansiysk RUS"]
[Date "2016.09.23"]
[Round "2.6"]
[White "Zotova, Anastasia"]
[Black "Aciu, Malina-Andreea"]
[Result "1/2-1/2"]
[WhiteTitle "WFM"]
[WhiteElo "2171"]
[BlackElo "1876"]
[WhiteFideId "34124907"]
[BlackFideId "1240323"]
[EventDate "2016.09.22"]

1. e4 c5 2. Nf3 d6 3. d4 cxd4 4. Nxd4 Nf6 5. Nc3 a6 6. a3 e6 7. g4 e5 8. Nf5 h5
9. g5 Nxe4 10. Nxg7+ Bxg7 11. Nxe4 d5 12. Ng3 d4 13. Bd2 Qd5 14. c4 Qc6 15. Bd3
Bg4 16. Qc2 Nd7 17. b4 Rc8 18. Rc1 Nb6 19. c5 Nd5 20. a4 Nf4 21. Be4 Qc7 22.
Bxf4 exf4 23. Nf5 O-O 24. Nxg7 Kxg7 25. O-O f3 26. Qd3 Qf4 27. Qxd4+ f6 28. Qe3
fxg5 29. Bxb7 Rb8 30. c6 Bh3 31. Qxf4 Rxf4 32. Rfe1 Rg4+ 33. Kh1 Bg2+ 34. Kg1
Bh3+ 35. Kh1 Bg2+ 36. Kg1 Bh3+ 1/2-1/2

[Event "World Youth Girl U14 2016"]
[Site "Khanty-Mansiysk RUS"]
[Date "2016.09.23"]
[Round "2.7"]
[White "Grischenko, Kamila"]
[Black "Priyanka, Nutakki"]
[Result "1/2-1/2"]
[WhiteElo "1839"]
[BlackElo "2070"]
[WhiteFideId "14147491"]
[BlackFideId "25049615"]
[EventDate "2016.09.22"]

1. e4 e6 2. d4 d5 3. Nc3 Bb4 4. e5 c5 5. Bd2 Ne7 6. Nb5 Bxd2+ 7. Qxd2 O-O 8.
dxc5 Nd7 9. f4 Nxc5 10. Bd3 Qb6 11. O-O-O Nf5 12. Nf3 Nxd3+ 13. Qxd3 Ne3 14. Ng5
g6 15. Rde1 Nc4 16. Qh3 h5 17. Qb3 Bd7 18. Nc3 Qd4 19. Nf3 Qxf4+ 20. Kb1 Qxf3
21. Qxc4 dxc4 22. gxf3 Bc6 23. Ne4 Rad8 24. Nd6 b5 25. Rhf1 f6 26. Rg1 Kg7 27.
f4 fxe5 28. fxe5 Rf2 29. Rg3 Rdf8 30. a4 a6 31. axb5 axb5 32. Ra3 Ra8 33. Rg3
Raf8 34. Ra3 Ra8 35. Rg3 Kh6 36. Reg1 Rg8 37. h4 Rg7 38. b3 Rf4 39. Rc3 Bd5 40.
Ne8 Rg8 41. Nf6 Rg7 42. Ne8 Rgf7 43. Nf6 Bc6 44. Rcg3 Rg7 45. Rd1 1/2-1/2

[Event "World Youth Girl U14 2016"]
[Site "Khanty-Mansiysk RUS"]
[Date "2016.09.23"]
[Round "2.8"]
[White "Voskresenskaya, Marta"]
[Black "Gomez Barrera, Javiera Belen"]
[Result "0-1"]
[BlackTitle "WFM"]
[WhiteElo "1835"]
[BlackElo "2027"]
[WhiteFideId "34127795"]
[BlackFideId "3418723"]
[EventDate "2016.09.22"]

1. d4 Nf6 2. c4 e6 3. Nf3 Bb4+ 4. Bd2 Qe7 5. Nc3 O-O 6. e3 b6 7. Bd3 Bb7 8. O-O
d6 9. Re1 e5 10. e4 Nbd7 11. d5 Nc5 12. Qc2 Bxc3 13. Qxc3 a5 14. a4 Qd7 15. Qc2
Qg4 16. h3 Qh5 17. Be3 Bc8 18. Bxc5 bxc5 19. Nd2 Qh6 20. Re3 Nh5 21. Bf1 g6 22.
Raa3 f5 23. exf5 gxf5 24. Be2 Nf4 25. Rg3+ Kh8 26. Bd1 Ng6 27. Kh1 f4 28. Rgb3
Nh4 29. Bf3 Nf5 30. Qd1 Nd4 31. Be4 Nxb3 32. Rxb3 Bd7 33. Rc3 Rab8 34. b3 Rf7
35. Kh2 Rg8 36. Qe1 Qh4 37. Nf1 Bc8 38. Nd2 Rff8 39. Qf1 f3 40. Rxf3 Rxf3 41.
Bxf3 Qf4+ 42. Kh1 Qxd2 43. Be4 Qf4 44. Qe2 Bf5 45. Bf3 Qg5 46. g4 Bg6 47. Kg2
Qf4 48. Kg1 Rf8 49. Bg2 Qd4 50. Qe1 Qb2 51. Bh1 Qb1 52. Qxb1 Bxb1 0-1

[Event "World Youth Girl U14 2016"]
[Site "Khanty-Mansiysk RUS"]
[Date "2016.09.23"]
[Round "2.9"]
[White "Zhu, Jiner"]
[Black "Makhija, Aashna"]
[Result "1-0"]
[WhiteElo "2024"]
[BlackElo "1830"]
[WhiteFideId "8608059"]
[BlackFideId "25011944"]
[EventDate "2016.09.22"]

1. e4 e6 2. d4 d5 3. Nc3 Nf6 4. e5 Nfd7 5. f4 c5 6. Nf3 Nc6 7. Be3 a6 8. a3 b5
9. dxc5 Bxc5 10. Bxc5 Nxc5 11. b4 Nd7 12. Bd3 Qb6 13. Qd2 g6 14. Qf2 O-O 15. Ne2
Qxf2+ 16. Kxf2 Nb6 17. Nfd4 Nxd4 18. Nxd4 f6 19. exf6 Rxf6 20. Kg3 Bd7 21. h4
Raf8 22. Rhf1 Kg7 23. Rae1 R8f7 24. Rf3 Na4 25. Ne2 Nb6 26. Re3 Nc8 27. Re5 Nd6
28. Kh2 Nf5 29. g4 Nd6 30. g5 Rxf4 31. Nxf4 Rxf4 32. Kg3 Rf8 33. R5e2 Rc8 34. h5
Nf7 35. hxg6 hxg6 36. Rxe6 Bxe6 37. Rxe6 Kf8 38. Rxg6 Rc3 39. Rxa6 Ne5 40. Kf4
Nxd3+ 41. cxd3 Rxd3 42. Ke5 d4 43. Kd5 Rg3 44. Kxd4 Rxg5 45. Re6 Rg3 46. Kc5 Kf7
47. Re2 Rg5+ 48. Kb6 Kf8 49. Ka5 Kf7 50. a4 bxa4+ 51. Kxa4 Rg1 52. b5 Ra1+ 53.
Kb4 Rb1+ 54. Kc5 Rc1+ 55. Kb6 Rb1 56. Kc6 Rc1+ 57. Kb7 Rb1 58. b6 Kf6 59. Rc2
Ke7 60. Kc7 1-0

[Event "World Youth Girl U14 2016"]
[Site "Khanty-Mansiysk RUS"]
[Date "2016.09.23"]
[Round "2.10"]
[White "Wang, Annie"]
[Black "Beshukova, Alina"]
[Result "1-0"]
[WhiteTitle "WIM"]
[WhiteElo "2013"]
[BlackElo "1820"]
[WhiteFideId "2053900"]
[BlackFideId "24164828"]
[EventDate "2016.09.22"]

1. d4 Nf6 2. c4 g6 3. Nc3 Bg7 4. e4 d6 5. Nf3 O-O 6. Be2 e5 7. Be3 exd4 8. Nxd4
Re8 9. f3 Na6 10. O-O Nc5 11. Qd2 a5 12. Rad1 Ne6 13. Nd5 Nxd5 14. cxd5 Nxd4 15.
Bxd4 Bxd4+ 16. Qxd4 f5 17. Bd3 fxe4 18. fxe4 Bg4 19. Rc1 Re5 20. Rf4 Bd7 21. Qf2
Rc8 22. Rf1 c6 23. dxc6 bxc6 24. Qd4 Be6 25. Rf8+ Qxf8 26. Rxf8+ Rxf8 27. Qxd6
Rh5 28. Qxe6+ Kh8 29. Qe7 Rf4 30. Qd8+ Kg7 31. Be2 Rh6 32. Qd4+ Rf6 33. e5 Rf5
34. e6+ Rf6 35. e7 1-0

[Event "World Youth Girl U14 2016"]
[Site "Khanty-Mansiysk RUS"]
[Date "2016.09.23"]
[Round "2.11"]
[White "Alekseenko, Mariya"]
[Black "Beydullayeva, Govhar"]
[Result "0-1"]
[BlackTitle "WCM"]
[WhiteElo "1643"]
[BlackElo "1994"]
[WhiteFideId "44172729"]
[BlackFideId "13413015"]
[EventDate "2016.09.22"]

1. e4 e6 2. d4 d5 3. e5 c5 4. c3 Nc6 5. Nf3 Bd7 6. a3 Nge7 7. b4 cxd4 8. cxd4
Nf5 9. Nc3 a6 10. Bb2 b5 11. Rc1 Qb6 12. Ne2 a5 13. bxa5 Nxa5 14. Nf4 Nc4 15.
Bxc4 bxc4 16. Rb1 Qc7 17. Qc1 Be7 18. O-O O-O 19. Ne2 Rfb8 20. Nc3 Rb3 21. g4
Nh6 22. Nd2 Rb6 23. h3 Rba6 24. Ra1 Qa7 25. Ncb1 f6 26. exf6 Bxf6 27. Qc3 Nf7
28. f4 e5 29. fxe5 Nxe5 30. Nf3 Nd3 31. Kh1 Rb8 32. Bc1 Nxc1 33. Qxc1 Bxd4 0-1

[Event "World Youth Girl U14 2016"]
[Site "Khanty-Mansiysk RUS"]
[Date "2016.09.23"]
[Round "2.12"]
[White "Ouellet, Maili-Jade"]
[Black "Bellahcene, Meriem"]
[Result "1-0"]
[WhiteTitle "WCM"]
[WhiteElo "1992"]
[BlackElo "1729"]
[WhiteFideId "2620472"]
[BlackFideId "20655347"]
[EventDate "2016.09.22"]

1. d4 Nf6 2. c4 c5 3. d5 b5 4. cxb5 a6 5. bxa6 g6 6. Nc3 Bg7 7. e4 O-O 8. Nf3
Qa5 9. Nd2 Bxa6 10. Bxa6 Qxa6 11. Qe2 Qxe2+ 12. Kxe2 e6 13. Nc4 Na6 14. Rd1 exd5
15. exd5 Rfe8+ 16. Kf3 Nb4 17. Be3 Nc2 18. Rac1 Nxe3 19. fxe3 Reb8 20. b3 h5 21.
h3 Nh7 22. Na4 Ng5+ 23. Ke2 Ne4 24. Nd2 Rxa4 25. bxa4 Nc3+ 26. Rxc3 Bxc3 27. Rb1
Ra8 28. Ne4 Bb4 29. Nf6+ Kg7 30. Nxd7 Rxa4 31. Rb2 Ra6 32. Nb8 Rd6 33. e4 f5 34.
Kd3 Be1 35. Rc2 fxe4+ 36. Kxe4 Rb6 37. Nd7 Rb4+ 38. Ke3 c4 39. Ne5 c3 40. Nf3
Bg3 41. Kd3 Rb5 42. Kc4 Ra5 43. Re2 Kf8 44. Nd4 Bd6 45. Nb3 Ra4+ 46. Kxc3 Kf7
47. Nd4 Ra5 48. Rf2+ Ke8 49. Rf6 Kd7 50. Nf3 Rxd5 51. Rxg6 Ra5 52. Rg7+ Ke6 53.
Nd4+ Kf6 54. Rd7 Be5 55. Kb3 Ra6 56. Nb5 Rb6 57. a4 Kf5 58. Kb4 Rg6 59. Rd2 Rb6
60. Rf2+ Kg5 61. a5 Ra6 62. Na3 Rf6 63. Re2 Bd6+ 64. Kb3 Rf4 65. Nc4 Bb8 66. Re8
Ba7 67. Re7 Bd4 68. a6 Rf6 69. Rd7 Bf2 70. Rd5+ Rf5 71. Rd2 Bg1 72. Ra2 Rf2 73.
Nd2 Rf7 74. Nf3+ Rxf3+ 75. gxf3 1-0

[Event "World Youth Girl U14 2016"]
[Site "Khanty-Mansiysk RUS"]
[Date "2016.09.23"]
[Round "2.13"]
[White "Makarova, Anastasiya"]
[Black "Dongo, Melanie"]
[Result "0-1"]
[WhiteElo "1471"]
[BlackElo "1981"]
[WhiteFideId "54102731"]
[BlackFideId "3813444"]
[EventDate "2016.09.22"]

1. d4 Nf6 2. e3 g6 3. f4 Bg7 4. Bd3 O-O 5. c3 d5 6. Nf3 Nbd7 7. O-O c5 8. Nbd2
c4 9. Bc2 b5 10. Ne5 Nxe5 11. fxe5 Ne8 12. e4 Nc7 13. Qf3 f6 14. exf6 Bxf6 15.
e5 Bg7 16. Qe2 Be6 17. Nf3 Qd7 18. Be3 Bg4 19. Rf2 Ne6 20. h3 Bf5 21. Raf1 a5
22. Nh4 Bxc2 23. Qxc2 b4 24. Rxf8+ Rxf8 25. Rxf8+ Nxf8 26. b3 Qc6 27. Bd2 Ne6
28. Nf3 Qb5 29. cxb4 axb4 30. bxc4 dxc4 31. Qb2 b3 32. Bc3 Nf4 33. Kh1 Nd3 34.
Qb1 b2 35. Nd2 Bh6 36. Kh2 Qd5 37. Nf3 Bf4+ 38. Kg1 Be3+ 39. Kf1 Bc1 40. a4 Qe4
41. a5 Qe3 42. Be1 Nf4 43. Bf2 Qe2+ 44. Kg1 Nd3 45. Bg3 Qd1+ 46. Kh2 Qa4 47. a6
Qxa6 48. d5 Qa1 49. d6 exd6 50. exd6 Kf7 51. d7 Ke7 0-1